Výstavba železničných estakád z predpätého betónu a železničného zvršku

Bibliographic Details
Main Authors: Porázik, Karol (Author), Porázik, František (Author)
Format: Article
Language:Slovak
PhysicalDescription:Fot. 1., lit. 4 zázn. v slov., češ.
Subjects:

MARC

LEADER 00000nab a2200000 a 4500
001 vtls000246871
003 SK-MaSNL
005 20260426100944.0
008 250423c1985 xo 0 slo
015 |a SNBRB19rr/mm-uuuuu 
035 |a CL0256985 
035 |a urn:nbn:sk:snk-ab2kxx 
035 |a (urnnbn)urn:nbn:sk:snk:ar-a02l1a 
035 |a (uuid)b4b6377f-697a-46af-9844-d0071344bb0f 
040 |a SNKBUCL  |b slo  |c SNKBUCL  |e AACR2 
041 0 |a slo 
044 |a xo  |c SK 
080 |a 624.21.03:625.1  |2 1981 
080 |a 625.1  |2 1981 
080 |a 666.982.4  |2 1981 
080 |a 624.012.36  |2 1981 
080 |a 625.14  |2 1981 
100 1 |a Porázik, Karol  |4 aut  |9 616225 
245 1 0 |a Výstavba železničných estakád z predpätého betónu a železničného zvršku  |c Karol Porázik, František Porázik 
300 |b Fot. 1., lit. 4 zázn. v slov., češ. 
650 0 7 |a diaľnično-železničné mosty  |2 SNK  |9 1254697 
650 0 7 |a železničné estakády  |2 SNK  |9 224384 
650 0 7 |a železničný zvršok  |2 SNK  |9 68383 
650 0 7 |a predpätý betón  |2 SNKPH  |9 100801 
651 7 |a Bratislava (Slovensko)  |2 SNKPHgeo  |9 14568 
651 7 |a Prístavný most (Bratislava, Slovensko)  |2 SNKPHgeo  |9 26073 
655 7 |a články z novín a časopisov  |2 SNK  |9 267496 
700 1 |a Porázik, František  |4 aut  |9 959826 
773 0 |t Inženýrské stavby  |g Roč. 33, č. 10 (1985), s. 567-569 
850 |a Slovenská národná knižnica 
852 |a Slovenská národná knižnica 
954 |a odborná, vedecká literatúra pôvodná (slovenská)  |2 lita 
957 |a 5100 
958 |a article2022 
958 |a RK 
958 |a OND 
958 |a EUIPO 
992 |a RBX 
999 |c 3213435  |d 3215365